| 000 | 00369nam a2200145 a 4500 | ||
|---|---|---|---|
| 001 | 1022 | ||
| 003 | CDMR | ||
| 005 | 20130116135200.0 | ||
| 008 | 130130s1937||||||||||||||||||||||||||||d | ||
| 040 |
_aCDMR _bcat _cCDMR |
||
| 100 | 1 |
_aÁlvarez Calvo, Joaquín _9806 |
|
| 245 | 1 | 3 | _aEl periodismo en Barcelona (Nº 2-16) |
| 260 |
_aBarcelona _c1937 _bGráficas Juan |
||
| 942 | _cMON | ||
| 999 |
_c1022 _d1022 |
||